| 000 | 00792nam a2200241 a 4500 | ||
|---|---|---|---|
| 001 | BRCA_8146 | ||
| 005 | 20190320210142.0 | ||
| 008 | 280414s1952----be-a###f##---#001-0#fre-# | ||
| 041 | _afre | ||
| 044 | _abe | ||
| 050 | 4 |
_aND663 _bP75 _c1952 |
|
| 100 | 1 |
_aAru, C. _920297 |
|
| 245 | 1 | 0 |
_aLes Primitifs Flamands _bI. corpus de la peinture des anciens pays-bas meridionaux au quinzième siècle _cC. Aru et Et. de Geradon. |
| 260 |
_aBruselas _bDesikkel _c1952 |
||
| 300 |
_a33 p. _bil., 69 láminas _c30 cm. |
||
| 500 | _aX17 | ||
| 504 | _aBibliografía p. 26 | ||
| 650 | 1 | 4 |
_aPintura flamenca _ySiglo XV _zPaises Bajos (Holanda) _920298 |
| 650 | 1 | 4 |
_aPintura flamenca _vRepertorio _zPaises Bajos (Holanda) _920299 |
| 700 | 1 |
_aGeradon, Et. de _ecoaut. _920300 |
|
| 902 | _aGFM | ||
| 942 |
_2lcc _cB |
||
| 999 |
_c7814 _d7814 |
||